000 00754nas a2200241 4500
001 BR7306224
003 BR-BrBNA
005 20231205082604.0
007 ta
008 230509b bl.|||p| |||| 00| 00por d
040 _aBR-BrBNA
_bpor
_cBiblioteca Nacional de Agricultura
041 _a(Pt)
072 _aL73
100 1 _aBauer, A.G.
245 1 _aPossibilidade do diagnostico in vivo da raiva pelo exame das fossas nasais [bovino, cao, Brasil]
650 _aBOVINO
650 _aCAO
650 _aRAIVA
650 _aDIAGNOSTICO
773 0 _tBoletim do Instituto de Pesquisas Veterinarias Desiderio Finamor (Brazil)
_xISSN 0100-2740
_g(1975), v. 1(3) p. 125-131
_wBR7306224
909 _a202311
_bLúcia
_c55
_dLúcia Elande
942 _2AGRIS
_n0
_cANA
999 _c93045
_d93045